|
|
|
|
| LEADER |
00715cam a2200205 7i4500 |
| 001 |
0000012873 |
| 005 |
20120529090000.0 |
| 008 |
070330 eng |
| 020 |
|
|
|a 0750652764 (hbk.)
|
| 050 |
0 |
0 |
|a G155.A1 WEE 2003
|
| 090 |
0 |
0 |
|a G155.A1
|b W44 2003
|
| 100 |
1 |
|
|a Weed, Mike
|
| 245 |
1 |
0 |
|a Sports tourism :
|b participants, policy and providers
|c Mike Weed and Chris Bull.
|
| 260 |
|
|
|a Amsterdam:
|b Elsevier/Butterworth Heinemann,
|c 2003.
|
| 300 |
|
|
|a xvi, 241 p.;
|c 24 cm.
|
| 504 |
|
|
|a Includes bibliographical references and index
|
| 650 |
0 |
0 |
|a Sports and tourism
|
| 700 |
1 |
|
|a Bull, Chris
|
| 998 |
0 |
0 |
|a Sport Management Industry, Diploma
|
| 999 |
|
|
|a 0000018032
|b BOK
|c OPEN SHELF
|e 1st Floor, Bestari Jaya
|